000 00781nam a2200217Ii 4500
003 JO-AjNU
008 230605s9999||||xx |||||||||||||| ||und||
017 _a2004/8/2111
040 _aJO-AjNU
_bara
_erda
_cJO-AjNU
041 _aara
050 1 4 _aBF731.A4282.2010
100 3 _aعلاونة،شفيق فلاح,
_eauthor
_927923
245 0 0 _aسيكولوجية التطور الإنساني من الطفولة الى الرشد
250 _aط3
264 3 1 _aعمان:دار المسيرة للنشر والتوزيع والطباعة ، 2010
300 _a352ص
336 _atext
_btxt
_2rdacontent
337 _aunmediated
_bn
_2rdamedia
338 _avolume
_bnc
_2rdacarrier
650 4 _aعلم النفس-التطور الاخلاقي-النمو الفردي
_927924
999 _aA10768
_c14336
_d14336